000 00568nam a2200205Ia 4500
005 20250508160214.0
008 008 250505s9999 xx 000 0 eng d
037 _aBooks to be hide in OPAC
040 _aFEDL
_beng
_cFEDL
041 _aeng
_2eng
084 _qFEDL
100 _aJohn Walton C
245 0 _aHampton normal and agricultural instiute
260 _aWashington, USA
_bU.S. Government Printing Office
_c1923
300 _a118p.
546 _aWeeded out
700 _a Taft William Howard
_9768134
942 _cHB
999 _c1362657
_d1362657